Szczegóły MARC
| 000 -Nagłówek |
| fixed length control field |
02539cam a2200613 i 4500 |
| 001 - Nr kontrolny bibl., która utworzyła rek. |
| control field |
xx004851660 |
| 003 - Siglum bibl., której nr kontr. jest w 001 |
| control field |
NUKAT |
| 005 - Data i czas ostatniej operacji |
| control field |
20260430134318.0 |
| 008 - Elementy pola stałej długości |
| fixed length control field |
200430s2019 pl g |001 0 pol c |
| 020 ## - ISBN |
| ISBN |
9788380987647 |
| dopowiedzenie |
(oprawa twarda) : |
| warunki dostępności |
zł 40,00 |
| 035 ## - Systemowy numer kontrolny |
| systemowy numer kontrolny |
(OCoLC)1153281819 |
| 035 ## - Systemowy numer kontrolny |
| systemowy numer kontrolny |
(NUKAT)xx004851660 |
| 040 ## - Instytucja sporządzająca opis |
| Instytucja, która sporządziła opis |
WR U/as |
| język katalgowania-trzyzn. kod |
pol |
| zasady opisu |
rda |
| Instytucja, która sporządziła rekord |
WR U/ass |
| Instytucja, która zmodyfikowała rekord |
WR U/mw |
| -- |
KAT U/JPs |
| -- |
WR O/IS |
| -- |
WA 14/ABs |
| -- |
OLSZT 008/bak |
| 041 0# - Kod nazwy języka dokumentu |
| Język tekstu |
pol |
| Język streszczeń |
eng |
| 045 2# - Okres czasu dla zawartości |
| czas między r. 9999 pne a nasz. czas. |
d1950 |
| -- |
d1992 |
| 046 ## - Kod rodz. daty, data1, data2 (daty pne) |
| Begin/single date |
2019 |
| Single or starting date for aggregated content |
1950 |
| Ending date for aggregated content |
1992 |
| 245 00 - Tytuł właściwy i oznaczenie odpow. |
| tytuł |
W imię przyszłości partii : |
| dodatek do tytułu |
procesy o łamanie tzw. praworządności socjalistycznej 1956-1957 : dokumenty / |
| dod. inf. ze s. tyt./ozn. odpow. |
pod redakcją Marcina Zaborskiego ; Instytut Pamięci Narodowej. Komisja Ścigania Zbrodni Przeciwko Narodowi Polskiemu. |
| 260 ## - Adres wydawniczy |
| miejsce wydania, dystrybucji itp. |
Warszawa : |
| nazwa wydawcy, dystrybutora itp. |
Instytut Pamięci Narodowej. Komisja Ścigania Zbrodni Przeciwko Narodowi Polskiemu, |
| data wydania, dystrybucji itp. |
2019. |
| 300 ## - Opis fizyczny |
| objętość i/lub forma materiału |
455 stron ; |
| format |
25 cm. |
| 336 ## - Content Type |
| Term |
Tekst |
| Code |
txt |
| Source |
rdacontent |
| 337 ## - Media Type |
| Term |
Bez urządzenia pośredniczącego |
| Code |
n |
| Source |
rdamedia |
| 338 ## - Carrier Type |
| Term |
Wolumin |
| Code |
nc |
| Source |
rdacarrier |
| 380 ## - Form of work |
| Form of work |
Książki |
| 380 ## - Form of work |
| Form of work |
Publikacje naukowe |
| 388 1# - TIME PERIOD OF CREATION |
| Time period of creation term |
2001- |
| 490 1# - Tytuł serii i ks. wielotom.-nie do wysz. |
| oznaczenie serii |
Centralny Projekt Badawczy IPN Podziemie Niepodległościowe w Polsce 1944-1956 |
| 504 ## - Uwaga o bibliografii |
| uwaga o bibliografii |
Indeks. |
| 546 ## - Uwaga o języku opisywanego materiału |
| uwaga o języku |
Streszczenie angielskie. |
| 610 27 - Hasło przedmiotowe-nazwa ciała zbior. |
| nazwa ciała zbior. lub geogr. |
Rada Adwokacka (Izba Adwokacka ; Warszawa) |
| źródło hasła |
DBN |
| 9 (RLIN) |
41045 |
| 648 #7 - SUBJECT ADDED ENTRY--CHRONOLOGICAL TERM |
| Chronological term |
1901-2000 |
| Source of heading or term |
DBN |
| 9 (RLIN) |
34996 |
| 648 #7 - SUBJECT ADDED ENTRY--CHRONOLOGICAL TERM |
| Chronological term |
1945-1989 |
| Source of heading or term |
DBN |
| 9 (RLIN) |
36043 |
| 648 #7 - SUBJECT ADDED ENTRY--CHRONOLOGICAL TERM |
| Chronological term |
1989-2000 |
| Source of heading or term |
DBN |
| 9 (RLIN) |
36156 |
| 650 #7 - Hasło przedmiotowe-nazwa pospolita |
| nazwa pospolita lub geogr. |
Adwokaci |
| źródło hasła |
DBN |
| 9 (RLIN) |
38215 |
| 650 #7 - Hasło przedmiotowe-nazwa pospolita |
| nazwa pospolita lub geogr. |
Naruszenie prawa |
| źródło hasła |
DBN |
| 9 (RLIN) |
41046 |
| 650 #7 - Hasło przedmiotowe-nazwa pospolita |
| nazwa pospolita lub geogr. |
PRL |
| źródło hasła |
DBN |
| 9 (RLIN) |
35084 |
| 650 #7 - Hasło przedmiotowe-nazwa pospolita |
| nazwa pospolita lub geogr. |
Prokuratura |
| źródło hasła |
DBN |
| 9 (RLIN) |
41047 |
| 650 #7 - Hasło przedmiotowe-nazwa pospolita |
| nazwa pospolita lub geogr. |
Sądownictwo |
| źródło hasła |
DBN |
| 9 (RLIN) |
36270 |
| 650 #7 - Hasło przedmiotowe-nazwa pospolita |
| nazwa pospolita lub geogr. |
Stalinizm |
| źródło hasła |
DBN |
| 9 (RLIN) |
35085 |
| 650 #7 - Hasło przedmiotowe-nazwa pospolita |
| nazwa pospolita lub geogr. |
Adwokatura |
| określnik geograficzny |
Polska |
| określnik chronologiczny |
1945-1970 |
| określnik formy |
źródła. |
| źródło hasła |
kaba |
| 9 (RLIN) |
41048 |
| 650 #7 - Hasło przedmiotowe-nazwa pospolita |
| nazwa pospolita lub geogr. |
Prawo |
| określnik geograficzny |
Polska |
| określnik chronologiczny |
1945-1970 |
| określnik rzeczowy |
źródła. |
| źródło hasła |
kaba |
| 9 (RLIN) |
41049 |
| 650 #7 - Hasło przedmiotowe-nazwa pospolita |
| nazwa pospolita lub geogr. |
Deontologia zawodowa. |
| źródło hasła |
kaba |
| 9 (RLIN) |
41050 |
| 650 #7 - Hasło przedmiotowe-nazwa pospolita |
| nazwa pospolita lub geogr. |
Sądy |
| określnik geograficzny |
Polska |
| określnik chronologiczny |
1945-1970 |
| określnik formy |
źródła. |
| źródło hasła |
kaba |
| 9 (RLIN) |
41051 |
| 650 #7 - Hasło przedmiotowe-nazwa pospolita |
| nazwa pospolita lub geogr. |
Prokuratura |
| określnik geograficzny |
Polska |
| określnik chronologiczny |
1945-1970. |
| źródło hasła |
kaba |
| 9 (RLIN) |
41052 |
| 651 #7 - Hasło przedmiotowe-nazwa geogr. |
| nazwa geograficzna |
Polska |
| źródło hasła |
DBN |
| 9 (RLIN) |
35076 |
| 655 #7 - Termin określający rodzaj/formę |
| rodzaj/forma |
Antologia |
| źródło terminu |
DBN |
| 9 (RLIN) |
34961 |
| 655 #7 - Termin określający rodzaj/formę |
| rodzaj/forma |
Dokumenty |
| źródło terminu |
DBN |
| 9 (RLIN) |
37215 |
| 658 ## - Nazwa określająca cel programu nauczania |
| główny cel programu nauczania |
Historia |
| 658 ## - Nazwa określająca cel programu nauczania |
| główny cel programu nauczania |
Prawo i wymiar sprawiedliwości |
| 700 1# - Hasło dodatkowe - nazwa osobowa |
| nazwa osobowa |
Zaborski, Marcin. |
| rodzaj współpracy |
Redakcja |
| 9 (RLIN) |
41044 |
| 710 2# - Hasło dodatkowe - nazwa ciała zbior. |
| nazwa ciała zbior. lub nazwa geogr. |
Instytut Pamięci Narodowej - Komisja Ścigania Zbrodni przeciwko Narodowi Polskiemu. |
| rodzaj współpracy |
Wydawca |
| kod rodzaju współpracy |
pbl |
| 9 (RLIN) |
11792 |
| 830 #0 - Hasło dod. serii i op. ks. wielotom. -tyt |
| tytuł |
Podziemie Niepodległościowe w Polsce 1944-1956 |
| 9 (RLIN) |
40087 |
| 920 ## - ISBN |
| ISBN |
978-83-8098-764-7 (oprawa twarda) : zł 40,00 |
| 942 ## - ADDED ENTRY ELEMENTS (KOHA) |
| Source of classification or shelving scheme |
Dewey Decimal Classification |
| Koha item type |
pozycje dostępne na miejscu |